000
00321nam a22001337a 4500
005
20250312123420.0
008
250312b |||||||| |||| 00| 0 eng d
020
_a
978-1-44496-720-3
050
_a
PZ 83. A58 2019
100
_a
ANTONY STEVE
245
_a
AMAZING
260
_a
NEWYORK
_b
AMAZING
_c
2019
942
_2
lcc
_c
BK
999
_c
215040
_d
215040